| 000 | 00709nam a2200205Ia 4500 | ||
|---|---|---|---|
| 003 | OSt | ||
| 005 | 20240322092822.0 | ||
| 008 | 210210b2005 xxu||||| |||| 00| 0 eng d | ||
| 040 | _cAL | ||
| 041 | _aKannada | ||
| 082 | _aK894.8 MALS | ||
| 100 |
_aMALINI MALYA (B) Ed _994197 _dಮಾಲಿನಿ ಮಲ್ಯ (ಬಿ) |
||
| 245 |
_aShivarama Karantara sahitya shreni: samputa 23 nataka 1 _bಶಿವರಾಮ ಕಾರಂತ ಸಾಹಿತ್ಯ ಶ್ರೇಣಿ : ಸಂಪುಟ ೨೩, ನಾಟಕ ೧ |
||
| 260 |
_aBengaluru _bKannad mattu samskrati nirdeshanalaya _c2005 |
||
| 300 | _a525 | ||
| 440 |
_a23 _994198 |
||
| 690 |
_aKannada Collections _994199 |
||
| 906 | _a061837 | ||
| 942 |
_2ddc _cBK |
||
| 999 |
_c115932 _d115932 |
||